Problematika fotografie : určeno pro posl. oboru filmový a televizní obraz. 2. [díl] /

Hlavní autor: Šmok, Ján, 1921-1997
Korporativní autor: Akademie múzických umění v Praze. Filmová a televizní fakulta
Jazyk: Čeština
Vydáno: Praha : SPN, 1967
Vydání: 1. vyd.
Edice: Učební texty vysokých škol
Témata:
Fyzický popis: 54 s. ; 4°
Knihy
Uloženo v:
LEADER 00966nam a22002412a 4500
001 000803228
003 CZ BrMZK
005 20060103082307.0
007 ta
008 060103s1967 xr er|||||||||||cze d
040 |a ABA001  |b cze  |c LIA001  |d ABA001 
100 1 |a Šmok, Ján,  |d 1921-1997  |7 jk01130620  |4 aut 
245 1 0 |a Problematika fotografie :  |b určeno pro posl. oboru filmový a televizní obraz.  |n 2. [díl] /  |c Ján Šmok 
250 |a 1. vyd. 
260 |a Praha :  |b SPN,  |c 1967  |f (KNT 6) 
300 |a 54 s. ;  |c 4° 
490 1 |a Učební texty vysokých škol 
710 2 |a Akademie múzických umění v Praze.  |b Filmová a televizní fakulta  |7 kn20030210034 
810 2 |a Akademie múzických umění v Praze.  |b Filmová a televizní fakulta.  |t Učební texty  |0 s 
910 |a BOA001  |b PK-N-0009.342,2 
964 |a Fotografie - učebnice - školy vysoké 
990 |a BK 
996 7 |b 3119689235  |c PK-N-0009.342,2  |l MZK  |r Sklad / do 1 hodiny  |n 1  |w 000803228  |u 000010  |a 1  |e BOA001  |j MZK50  |s A